000
00308nam a22001337a 4500
008
181226b xxu||||| |||| 00| 0 eng d
020
_a
9780321395344
041
_a
eng
080
_2
9th
_a
510
100
_a
36
101
_a
MAT
245
_a
Calculus and its applications
_c
Bittinger,M.L
942
_2
udc
_c
BK
999
_c
53771
_d
53771